دور المؤسسة العسكرية الأردنية في التنمية الإقتصادية للفترة 1975 - 1996 / (رقم التسجيلة. 7934)

تفاصيل مارك
000 -LEADER
fixed length control field 00691nam a22002057a 4500
005 - DATE AND TIME OF LATEST TRANSACTION
control field 20251108164252.0
008 - FIXED-LENGTH DATA ELEMENTS--GENERAL INFORMATION
fixed length control field 250721s1999 xx 000 0 ara d
082 14 - DEWEY DECIMAL CLASSIFICATION NUMBER
Classification number 338.9565/عدو
100 1# - MAIN ENTRY--PERSONAL NAME
Personal name العدوان، نايل خالد
245 10 - TITLE STATEMENT
Title دور المؤسسة العسكرية الأردنية في التنمية الإقتصادية للفترة 1975 - 1996 /
264 1# - PRODUCTION, PUBLICATION, DISTRIBUTION, MANUFACTURE, AND COPYRIGHT NOTICE
Place of production, publication, distribution, manufacture عمان :
Name of producer, publisher, distributor, manufacturer دار الكرمل،
Date of production, publication, distribution, manufacture, or copyright notice 1999.
300 ## - PHYSICAL DESCRIPTION
Extent 163ص.
650 17 - SUBJECT ADDED ENTRY--TOPICAL TERM
Topical term or geographic name as entry element التنمية الإقتصادية
650 17 - SUBJECT ADDED ENTRY--TOPICAL TERM
Topical term or geographic name as entry element المؤسسات العسكرية
650 17 - SUBJECT ADDED ENTRY--TOPICAL TERM
Topical term or geographic name as entry element القوات المسلحة
650 17 - SUBJECT ADDED ENTRY--TOPICAL TERM
Topical term or geographic name as entry element التاريخ
650 17 - SUBJECT ADDED ENTRY--TOPICAL TERM
Topical term or geographic name as entry element الأردن
942 ## - ADDED ENTRY ELEMENTS (KOHA)
Source of classification or shelving scheme Dewey Decimal Classification
Koha item type كتب
المقتنيات
حالة السحب حالة الفقدان مصدر التصنيف حالة التلف غير قابل للإعارة المكتبة الرئيسية المكتبة الحالية موقع الرف تاريخ التزويد الرقم المتسلسل Total Checkouts رقم الإستدعاء الباركود تاريخ آخر ظهور تاريخ الفاتورة نوع المادة (كوها)
    Dewey Decimal Classification     مكتبة أبو علندا العامة مكتبة أبو علندا العامة عام 28/07/2025 382004   338.9565/عدو DUP-07_-07-12 28/07/2025 28/07/2025 كتب
    Dewey Decimal Classification     مكتبة أم قصير والمقابلين العامة مكتبة أم قصير والمقابلين العامة عام 28/07/2025 372004   338.9565/عدو DUP-04_-07-12 28/07/2025 28/07/2025 كتب
    Dewey Decimal Classification     مكتبة الأميرة ايمان العامة مكتبة الأميرة ايمان العامة عام 28/07/2025 292004   338.9565/عدو DUP-01_-07-12 28/07/2025 28/07/2025 كتب
    Dewey Decimal Classification     مكتبة الأميرة ايمان العامة مكتبة الأميرة ايمان العامة عام 28/07/2025 62ال   338.9565/عدو DUP-01_إعارة 28/07/2025 28/07/2025 كتب
    Dewey Decimal Classification     مكتبة الاميرة بديعة مكتبة الاميرة بديعة عام 28/07/2025 322004   338.9565/عدو DUP-06_-07-12 28/07/2025 28/07/2025 كتب
    Dewey Decimal Classification     مكتبة الحسن العامة مكتبة الحسن العامة عام 28/07/2025 67ال   338.9565/عدو DUP-02_إعارة 28/07/2025 28/07/2025 كتب
    Dewey Decimal Classification     مكتبة الحسن العامة مكتبة الحسن العامة عام 28/07/2025 34ال   338.9565/عدو DUP-03_إعارة 28/07/2025 28/07/2025 كتب
    Dewey Decimal Classification   Not For Loan مكتبة تاريخ الأردن مكتبة تاريخ الأردن لا يعار 03/11/2009 1328789   338.9565/عدو PLD00116625 28/07/2025 03/11/2009 كتب
    Dewey Decimal Classification     مكتبة حمزة العامة مكتبة حمزة العامة عام 28/07/2025 352004   338.9565/عدو DUP-02_-07-12 28/07/2025 28/07/2025 كتب
    Dewey Decimal Classification     مكتبة صويلح العامة مكتبة صويلح العامة مكتبة الصور 28/07/2025 302004   338.9565/عدو DUP-05_-07-12 28/07/2025 28/07/2025 كتب
    Dewey Decimal Classification     مكتبة وادي السير العامة مكتبة وادي السير العامة عام 28/07/2025 392004   338.9565/عدو DUP-03_-07-12 28/07/2025 28/07/2025 كتب
Implemented & Customized by: BBB with SCIT (Smart Chains for Information Technology)

Powered by Koha